都道府県別源泉数ランキング - Statistics

General Stats
  • This quiz has been taken 68 times
  • The average score is 12 of 47
Answer Stats
Answer Hint % Correct
大分県 5,090
94%
北海道 2,229
73%
鹿児島県 2738
69%
沖縄県 21
56%
静岡県 2,209
52%
熊本県 1,334
48%
青森県 1,087
42%
長野県 959
40%
福島県 801
37%
宮城県 742
33%
栃木県 631
33%
秋田県 621
33%
奈良県 77
33%
岐阜県 508
27%
群馬県 459
27%
神奈川県 607
25%
新潟県 537
23%
和歌山県 504
21%
山形県 416
21%
福岡県 416
21%
徳島県 81
21%
兵庫県 440
19%
山口県 404
19%
広島県 369
17%
滋賀県 86
17%
岩手県 395
15%
鳥取県 364
15%
石川県 329
15%
島根県 255
13%
岡山県 222
13%
長崎県 203
13%
宮崎県 202
13%
香川県 199
13%
大阪府 173
13%
富山県 172
13%
高知県 96
13%
山梨県 341
12%
三重県 211
12%
愛媛県 194
12%
佐賀県 188
12%
東京都 170
12%
福井県 156
12%
京都府 150
12%
千葉県 142
12%
愛知県 134
12%
埼玉県 116
12%
茨城県 154
10%
No matching quizzes found
Score Distribution
Percent of People with Each Score
Percentile by Number Answered
Your Score History
You have not taken this quiz